01406naa a2200325 a 450000100080000000500110000800800410001910000170006024500360007726000090011349000310012252006140015365000240076765000120079165000120080365000100081565000110082565300230083665300190085965300170087865300120089565300170090765300120092465300110093665300120094765300150095965300100097465300110098477300850099511321892022-08-08 2021 bl uuuu u00u1 u #d1 aALVES, J. R. aFeij??o.h[electronic resource] c2021 a(Epagri. Documentos, 349). aO mercado de feij??o segue est??vel, a espera de compradores que precisar??o repor seus estoques em breve. A expectativa ?? de que os pre??os se mantenham nos atuais patamares durante novembro e dezembro. Pelo lado dos produtores, acreditamos que n??o h?? motivo para correria porque at?? o momento a safra tem transcorrido muito bem, com expectativa de uma safra com produ????o excepcional, seja em qualidade ou em quantidade. ?? importante destacar que, em compara????o com outubro de 2021, em valores reais, a saca de 60kg de feij??o-carioca est?? cerca de 21% acima daqueles praticados em outubro de 2021. aan??lise de mercado afeij??o apre??os asafra asafras aAnalise de mercado a??rea plantada aexporta????o afeij??o aimporta????o amercado apre??o apre??os aprodu????o asafra asafras tIn: Boletim Agropecu??rio - dezembro/2021. Florian??polis: Epagri, 2021. p.11-13